000 00557nam a2200229Ia 4500
003 OSt
005 20220928144525.0
006 a|||||r|||| 00| 0
007 ta
008 220927b |||||||| |||| 00| 0 eng d
024 _a71371
037 _cTextual
040 _aSDCL
_cSDCL
_beng
041 _2eng
_aeng
082 _aG1133, M6
100 _aAdams Roger Lp
_9508038
245 0 _aBiochemistry of the nucleic acids.
250 _a10
260 _c1986
942 _hG1133, M6
_cTEXL
_2CC
999 _c827550
_d827550